5HLuxD.jpg

KING HENRY VIII SENIOR AND PRIMARY SCHOOL LIBRARY OPAC

The lady and the peacock : (Record no. 4193)

000 -LEADER
fixed length control field 01601cam a2200325 a 4500
001 - CONTROL NUMBER
control field 17079065
003 - CONTROL NUMBER IDENTIFIER
control field OSt
005 - DATE AND TIME OF LATEST TRANSACTION
control field 20250124090253.0
008 - FIXED-LENGTH DATA ELEMENTS--GENERAL INFORMATION
fixed length control field 111116s2011 enkab b 001 0beng
010 ## - LIBRARY OF CONGRESS CONTROL NUMBER
LC control number 2011535429
020 ## - INTERNATIONAL STANDARD BOOK NUMBER
International Standard Book Number 9781846042508
040 ## - CATALOGING SOURCE
Original cataloging agency DLC
Transcribing agency DLC
Modifying agency DLC
-- KH8
042 ## - AUTHENTICATION CODE
Authentication code pcc
043 ## - GEOGRAPHIC AREA CODE
Geographic area code a-br---
082 00 - DEWEY DECIMAL CLASSIFICATION NUMBER
Classification number 959.105 POP
Edition number 23
100 1# - MAIN ENTRY--PERSONAL NAME
Personal name Popham, Peter,
Relator term author.
245 14 - TITLE STATEMENT
Title The lady and the peacock :
Remainder of title the life of Aung San Suu Kyi /
Statement of responsibility, etc. Peter Popham.
260 ## - PUBLICATION, DISTRIBUTION, ETC.
Place of publication, distribution, etc. London :
Name of publisher, distributor, etc. Rider Books ,
Date of publication, distribution, etc. c2011.
300 ## - PHYSICAL DESCRIPTION
Extent xviii, 446 p. :
Other physical details ill., maps ;
Dimensions 24 cm.
504 ## - BIBLIOGRAPHY, ETC. NOTE
Bibliography, etc. note Includes bibliographical references (p. [429]-431) and index.
505 0# - FORMATTED CONTENTS NOTE
Formatted contents note Map of Burma -- Prologue -- pt. 1. Her Father's Child -- pt. 2. The Peacock's Fan -- Late Call -- Debut -- Freedom and Slaughter -- The Funeral -- Open Road -- Her Father's Blood -- Defiance -- pt. 3. The Wide World -- Grief of a Child -- The Gang of Five -- An Oriental at St. Hugh's -- Choices -- Superwoman -- pt. 4. Heirs to the Kingdom -- Alone -- Landslide Victory -- Long Live Holiness -- The Peace Prize -- Heroes and Traitors -- pt. 5. The Road Map -- Meeting Suu -- Nightmare -- The Saffron Revolution -- The Peacock Effect.
600 00 - SUBJECT ADDED ENTRY--PERSONAL NAME
Personal name Aung San Suu Kyi.
650 #0 - SUBJECT ADDED ENTRY--TOPICAL TERM
Topical term or geographic name entry element Women political activists
Geographic subdivision Burma
Form subdivision Biography.
650 #0 - SUBJECT ADDED ENTRY--TOPICAL TERM
Topical term or geographic name entry element Political activists
Geographic subdivision Burma
Form subdivision Biography.
650 #0 - SUBJECT ADDED ENTRY--TOPICAL TERM
Topical term or geographic name entry element Women political prisoners
Geographic subdivision Burma
Form subdivision Biography.
650 #0 - SUBJECT ADDED ENTRY--TOPICAL TERM
Topical term or geographic name entry element Women politicians
Geographic subdivision Burma
Form subdivision Biography.
651 #0 - SUBJECT ADDED ENTRY--GEOGRAPHIC NAME
Geographic name Burma
General subdivision Politics and government
Chronological subdivision 1988-
651 #0 - SUBJECT ADDED ENTRY--GEOGRAPHIC NAME
Geographic name Burma
General subdivision Politics and government
Chronological subdivision 1948-
942 ## - ADDED ENTRY ELEMENTS (KOHA)
Source of classification or shelving scheme
Koha item type Books - Non Ficton
Holdings
Withdrawn status Lost status Source of classification or shelving scheme Damaged status Not for loan Collection code Permanent Location Current Location Shelving location Date acquired Full call number Barcode Date last seen Price effective from Koha item type
          Non-Fiction KH8 Senior School Library KH8 Senior School Library Non Fiction 2025-01-24 959.105 POP 3KHSL000102138 2025-01-24 2025-01-24 Books - Non Ficton

Powered By KH8 IT Dept